000 00776cam a22002411 4500
001 sa 66005190
003 DLC
005 20260227112248.0
008 760908s1965 ii af bc 000 0 eng
010 _asa 66005190
035 _a(OCoLC)2417973
040 _aDLC
_cNNU
_dDLC
042 _apremarc
050 0 0 _aNB27.P45
_bA6
082 _a732.4
110 2 _aPatna Museum.
245 1 0 _aPatna Museum catalogue of antiquities;
_bstone sculptures, metal images, terracottas and minor antiquities.
_cEditor: Parmeshwari Lal Gupta, curator.
260 _aPatna,
_c1965.
300 _aiv, iv, 367, lviii p.
_billus., plates.
_c26 cm.
504 _aBibliographical footnotes.
650 0 _aSculpture
_zIndia
_zPatna
_vCatalogs.
700 1 _aGupta, Parmeshwari Lal,
_d1914-2001.
999 _c69849
_d69849